Catálogo - Centro de Recursos para el Aprendizaje y la Investigación

Volver al Sitio - CRAI Biblioteca

Global business today / (Registro nro. 114120)

Detalles MARC
000 -CABECERA
campo de control de longitud fija 02101nam a22002777a 4500
001 - NÚMERO DE CONTROL
campo de control 114120
003 - IDENTIFICADOR DEL NÚMERO DE CONTROL
campo de control DR-UNIBE
005 - FECHA Y HORA DE LA ÚLTIMA TRANSACCIÓN
campo de control 20251002103932.0
008 - DATOS DE LONGITUD FIJA--INFORMACIÓN GENERAL
campo de control de longitud fija 251001b2022 xxu||||| |||| 00| 0 eng d
020 ## - NÚMERO INTERNACIONAL ESTÁNDAR DEL LIBRO
Número Internacional Estándar del Libro 9781266103148
040 ## - FUENTE DE LA CATALOGACIÓN
Centro catalogador/agencia de origen BIBLIOTECA UNIBE
Centro/agencia transcriptor BIBLIOTECA UNIBE
Normas de descripción rda
041 ## - CÓDIGO DE LENGUA
Código de lengua del texto/banda sonora o título independiente eng
082 ## - NÚMERO DE LA CLASIFICACIÓN DECIMAL DEWEY
Número de clasificación 388.88 H645g 2022
100 10 - ENTRADA PRINCIPAL--NOMBRE DE PERSONA
9 (RLIN) 4609
Nombre de persona Hill, Charles W. L.
Término indicativo de función/relación autor
245 10 - MENCIÓN DE TÍTULO
Título Global business today /
Mención de responsabilidad, etc. Charles W. L. Hill
250 ## - MENCIÓN DE EDICIÓN
Mención de edición Decimosegunda edición
260 ## - PUBLICACIÓN, DISTRIBUCIÓN, ETC.
Lugar de publicación, distribución, etc. New York :
Nombre del editor, distribuidor, etc. McGraw Hill,
Fecha de publicación, distribución, etc. 2022
300 ## - DESCRIPCIÓN FÍSICA
Extensión xxii, 615 páginas :
Otras características físicas ilustraciones, gráficos, mapas
500 ## - NOTA GENERAL
Nota general Incluye contenido, glosario, índice de temas, datos del autor,
505 ## - NOTA DE CONTENIDO CON FORMATO
Nota de contenido con formato PART ONE INTRODUCTION AND OVERVIEW|<br/>Chapter One Globalization |<br/>PART TWO NATIONAL DIFFERENCES|<br/>Chapter Two National Differences in Political, Economic, and Legal Systems|<br/> Chapter Three National Differences in Economic Development |<br/>Chapter Four Differences in Culture |<br/>Chapter Five Ethics, Corporate Social Responsibility, and Sustainability |<br/>PART THREE THE GLOBAL TRADE AND INVESTMENT ENVIRONMENT|<br/>Chapter Six International Trade Theory|<br/> Chapter Seven Government Policy and International Trade |<br/>Chapter Eight Foreign Direct Investment |<br/>Chapter Nine Regional Economic Integration|<br/> PART FOUR THE GLOBAL MONETARY SYSTEM|<br/>Chapter Ten The Foreign Exchange Market|<br/> Chapter Eleven The International Monetary System |<br/>PART FIVE THE STRATEGY OF INTERNATIONAL BUSINESS|<br/>Chapter Twelve The Strategy of International Business |<br/>Chapter Thirteen Entering Developed and Emerging Markets|<br/> PART SIX INTERNATIONAL BUSINESS FUNCTIONS|<br/>Chapter Fourteen Exporting, Importing, and Countertrade|<br/> Chapter Fifteen Global Production and Supply Chain Management |<br/>Chapter Sixteen Global Marketing and Business Analytics |<br/>Chapter Seventeen Global Human Resource Management |<br/>
650 #7 - PUNTO DE ACCESO ADICIONAL DE MATERIA--TÉRMINO DE MATERIA
Fuente del encabezamiento o término lemb
Término de materia o nombre geográfico como elemento de entrada Empresas internacionales
9 (RLIN) 155659
650 #7 - PUNTO DE ACCESO ADICIONAL DE MATERIA--TÉRMINO DE MATERIA
Fuente del encabezamiento o término lemb
Término de materia o nombre geográfico como elemento de entrada Competencia económica internacional
9 (RLIN) 155660
650 #7 - PUNTO DE ACCESO ADICIONAL DE MATERIA--TÉRMINO DE MATERIA
Fuente del encabezamiento o término lemb
Término de materia o nombre geográfico como elemento de entrada Inversiones extranjeras
9 (RLIN) 155661
650 #7 - PUNTO DE ACCESO ADICIONAL DE MATERIA--TÉRMINO DE MATERIA
Fuente del encabezamiento o término lemb
Término de materia o nombre geográfico como elemento de entrada Negocios
942 ## - ELEMENTOS DE PUNTO DE ACCESO ADICIONAL (KOHA)
Fuente del sistema de clasificación o colocación Sistema de Clasificación Decimal Dewey
Tipo de ítem Koha Libro (general)
Existencias
Estado de retiro Estado de pérdida Fuente del sistema de clasificación o colocación No para préstamo Código de colección Localización permanente Ubicación en estantería Fecha de adquisición Total de préstamos Signatura topográfica completa Código de barras Fecha visto por última vez Número de copia Precio válido a partir de Tipo de ítem Koha
  Disponible Sistema de Clasificación Decimal Dewey   Reserva Biblioteca Central UNIBE Área de exhibición 02/10/2025   388.88 H645g 2022 251044 02/10/2025 Ej. 1 02/10/2025 Libro (reserva)